Llaves de Lockers
Saved in:
| Format: | Bog |
|---|---|
| Sprog: | engelsk |
| Tags: |
Tilføj Tag
Ingen Tags, Vær først til at tagge denne postø!
|
MARC
| LEADER | 00000nam a22000007a 4500 | ||
|---|---|---|---|
| 003 | CL-ChBUA | ||
| 005 | 20121011151253.0 | ||
| 008 | 121011b xxu||||| |||| 00| 0 eng d | ||
| 040 | |a CL-ChBUA |c CL-ChBUA | ||
| 245 | 1 | 0 | |a Llaves de Lockers |
| 942 | |2 ddc |c LOCKERS | ||
| 952 | |0 0 |1 0 |2 ddc |4 0 |6 LLAVE_000000000000000_Nº_1 |7 0 |9 1135279 |a UNACH |b UNACH |c Lockers |d 2012-10-11 |i 1 |l 2058 |m 2 |o Llave Nº 1 |p 71243 |r 2026-04-13 20:58:56 |s 2026-04-13 |t 1 |w 2012-10-11 |y LOCKERS | ||
| 952 | |0 0 |1 0 |2 ddc |4 0 |6 LLAVE_000000000000000_Nº_2 |7 0 |9 1135280 |a UNACH |b UNACH |c Lockers |d 2012-10-11 |i 2 |l 2848 |m 4 |o Llave Nº 2 |p 71244 |q 2026-04-15 |r 2026-04-14 08:20:23 |s 2026-04-14 |t 2 |w 2012-10-11 |y LOCKERS | ||
| 952 | |0 0 |1 0 |2 ddc |4 0 |6 LLAVE_000000000000000_Nº_3 |7 0 |9 1135281 |a UNACH |b UNACH |c Lockers |d 2012-10-11 |i 3 |l 3128 |m 2 |o Llave Nº 3 |p 71245 |r 2026-04-06 08:58:22 |s 2026-04-06 |t 3 |w 2012-10-11 |y LOCKERS | ||
| 952 | |0 0 |1 0 |2 ddc |4 0 |6 LLAVE_000000000000000_Nº_4 |7 0 |9 1135282 |a UNACH |b UNACH |c Lockers |d 2012-10-11 |i 4 |l 3005 |m 3 |o Llave Nº 4 |p 71246 |r 2026-04-13 21:00:04 |s 2026-04-13 |t 4 |w 2012-10-11 |y LOCKERS | ||
| 952 | |0 0 |1 0 |2 ddc |4 0 |6 LLAVE_000000000000000_Nº_5 |7 0 |9 1135283 |a UNACH |b UNACH |c Lockers |d 2012-10-11 |i 5 |l 2970 |m 2 |o Llave Nº 5 |p 71247 |r 2026-04-08 19:22:37 |s 2026-04-08 |t 5 |w 2012-10-11 |y LOCKERS | ||
| 952 | |0 0 |1 0 |2 ddc |4 0 |6 LLAVE_000000000000000_Nº_6 |7 0 |9 1135284 |a UNACH |b UNACH |c Lockers |d 2012-10-11 |i 6 |l 2997 |m 2 |o Llave Nº 6 |p 71248 |r 2026-04-13 20:59:03 |s 2026-04-13 |t 6 |w 2012-10-11 |y LOCKERS | ||
| 952 | |0 0 |1 0 |2 ddc |4 0 |6 LLAVE_000000000000000_Nº_7 |7 0 |9 1135285 |a UNACH |b UNACH |c Lockers |d 2012-10-11 |i 7 |l 3303 |o Llave Nº 7 |p 71249 |q 2026-04-15 |r 2026-04-14 08:54:43 |s 2026-04-14 |t 7 |w 2012-10-11 |y LOCKERS | ||
| 952 | |0 0 |1 0 |2 ddc |4 0 |6 LLAVE_Nº_8_000000000000000 |7 0 |9 1135286 |a UNACH |b UNACH |c 700 |d 2012-10-11 |i 8 |l 3285 |m 1 |o Llave Nº 8 |p 71250 |q 2026-04-14 |r 2026-04-13 20:00:52 |s 2026-04-13 |t 8 |w 2012-10-11 |y LOCKERS | ||
| 952 | |0 0 |1 0 |2 ddc |4 0 |6 LLAVE_000000000000000_Nº_9 |7 0 |9 1135287 |a UNACH |b UNACH |c Lockers |d 2012-10-11 |i 9 |l 3270 |m 2 |o Llave Nº 9 |p 71251 |q 2026-04-15 |r 2026-04-14 08:16:18 |s 2026-04-14 |t 9 |w 2012-10-11 |y LOCKERS | ||
| 952 | |0 0 |1 0 |2 ddc |4 0 |6 LLAVE_000000000000000_Nº_10 |7 0 |9 1135288 |a UNACH |b UNACH |c Lockers |d 2012-10-11 |i 10 |l 2841 |m 3 |o Llave Nº 10 |p 71252 |q 2026-04-15 |r 2026-04-14 08:49:32 |s 2026-04-14 |t 10 |w 2012-10-11 |y LOCKERS | ||
| 952 | |0 0 |1 0 |2 ddc |4 0 |6 LLAVE_000000000000000_Nº_11 |7 0 |9 1135289 |a UNACH |b UNACH |c Lockers |d 2012-10-11 |i 11 |l 3034 |m 3 |o Llave Nº 11 |p 71253 |q 2026-04-15 |r 2026-04-14 08:05:51 |s 2026-04-14 |t 11 |w 2012-10-11 |y LOCKERS | ||
| 952 | |0 0 |1 0 |2 ddc |4 0 |6 LLAVE_Nº_12_000000000000000 |7 0 |9 1135290 |a UNACH |b UNACH |c 700 |d 2012-10-11 |i 12 |l 3101 |m 3 |o Llave Nº 12 |p 71254 |q 2026-04-15 |r 2026-04-14 08:58:48 |s 2026-04-14 |t 12 |w 2012-10-11 |y LOCKERS | ||
| 952 | |0 0 |1 0 |2 ddc |4 0 |6 LLAVE_000000000000000_Nº_13 |7 0 |9 1135291 |a UNACH |b UNACH |c Lockers |d 2012-10-11 |i 13 |l 3211 |m 3 |o Llave Nº 13 |p 71255 |r 2026-04-13 20:59:51 |s 2026-04-13 |t 13 |w 2012-10-11 |y LOCKERS | ||
| 952 | |0 0 |1 0 |2 ddc |4 0 |6 LLAVE_000000000000000_Nº_14 |7 0 |9 1135292 |a UNACH |b UNACH |c Lockers |d 2012-10-11 |i 14 |l 2834 |m 2 |o Llave Nº 14 |p 71256 |r 2026-01-07 09:21:15 |s 2026-01-07 |t 14 |w 2012-10-11 |y LOCKERS | ||
| 952 | |0 0 |1 0 |2 ddc |4 0 |6 LLAVE_Nº_15_000000000000000 |7 0 |9 1135293 |a UNACH |b UNACH |d 2012-10-11 |i 15 |l 3355 |m 4 |o Llave Nº 15 |p 71257 |q 2026-04-15 |r 2026-04-14 07:39:31 |s 2026-04-14 |t 15 |w 2012-10-11 |y LOCKERS | ||
| 952 | |0 0 |1 0 |2 ddc |4 0 |6 LLAVE_000000000000000_Nº_16 |7 0 |9 1135294 |a UNACH |b UNACH |c Lockers |d 2012-10-11 |i 16 |l 2378 |m 4 |o Llave Nº 16 |p 71258 |q 2026-04-14 |r 2026-04-13 08:48:06 |s 2026-04-13 |t 16 |w 2012-10-11 |y LOCKERS | ||
| 952 | |0 0 |1 0 |2 ddc |4 0 |6 LLAVE_000000000000000_Nº_17 |7 0 |9 1135295 |a UNACH |b UNACH |c Lockers |d 2012-10-11 |i 17 |l 2900 |m 1 |o Llave Nº 17 |p 71259 |q 2026-04-14 |r 2026-04-13 10:46:15 |s 2026-04-13 |t 17 |w 2012-10-11 |y LOCKERS | ||
| 952 | |0 0 |1 0 |2 ddc |4 0 |6 LLAVE_000000000000000_Nº_18 |7 0 |9 1135296 |a UNACH |b UNACH |c Lockers |d 2012-10-11 |i 18 |l 3234 |m 3 |o Llave Nº 18 |p 71260 |r 2026-04-13 20:59:12 |s 2026-04-13 |t 18 |w 2012-10-11 |y LOCKERS | ||
| 952 | |0 0 |1 0 |2 ddc |4 0 |6 LLAVE_000000000000000_Nº_19 |7 0 |9 1135297 |a UNACH |b UNACH |c Lockers |d 2012-10-11 |i 19 |l 3174 |o Llave Nº 19 |p 71261 |r 2026-04-13 21:00:01 |s 2026-04-13 |t 19 |w 2012-10-11 |y LOCKERS | ||
| 952 | |0 0 |1 0 |2 ddc |4 0 |6 LLAVE_000000000000000_Nº_20 |7 0 |9 1135298 |a UNACH |b UNACH |c Lockers |d 2012-10-11 |i 20 |l 2869 |m 1 |o Llave Nº 20 |p 71262 |r 2026-04-14 08:56:30 |s 2026-04-14 |t 20 |w 2012-10-11 |y LOCKERS | ||
| 952 | |0 0 |1 0 |2 ddc |4 0 |6 LLAVE_000000000000000_Nº_21 |7 0 |9 1135299 |a UNACH |b UNACH |c Lockers |d 2012-10-11 |i 21 |l 3400 |m 2 |o Llave Nº 21 |p 71263 |r 2026-04-13 21:00:08 |s 2026-04-13 |t 21 |w 2012-10-11 |y LOCKERS | ||
| 952 | |0 0 |1 0 |2 ddc |4 0 |6 LLAVE_000000000000000_Nº_22 |7 0 |9 1135300 |a UNACH |b UNACH |c Lockers |d 2012-10-11 |i 22 |l 2922 |m 0 |o Llave Nº 22 |p 71264 |r 2026-04-13 20:20:24 |s 2026-04-13 |t 22 |w 2012-10-11 |y LOCKERS | ||
| 952 | |0 0 |1 0 |2 ddc |4 0 |6 LLAVE_000000000000000_Nº_23 |7 0 |9 1135301 |a UNACH |b UNACH |c Lockers |d 2012-10-11 |i 23 |l 3219 |m 1 |o Llave Nº 23 |p 71265 |q 2026-04-15 |r 2026-04-14 08:55:45 |s 2026-04-14 |t 23 |w 2012-10-11 |y LOCKERS | ||
| 952 | |0 0 |1 0 |2 ddc |4 0 |6 LLAVE_000000000000000_Nº_24 |7 0 |9 1135302 |a UNACH |b UNACH |c Lockers |d 2012-10-11 |i 24 |l 3066 |m 3 |o Llave Nº 24 |p 71266 |q 2026-04-15 |r 2026-04-14 07:49:02 |s 2026-04-14 |t 24 |w 2012-10-11 |y LOCKERS | ||
| 952 | |0 0 |1 0 |2 ddc |4 0 |6 LLAVE_000000000000000_Nº_25 |7 0 |9 1135303 |a UNACH |b UNACH |c Lockers |d 2012-10-11 |i 25 |l 2721 |m 0 |o Llave Nº 25 |p 71267 |q 2026-04-10 |r 2026-04-09 10:55:28 |s 2026-04-09 |t 25 |w 2012-10-11 |y LOCKERS | ||
| 952 | |0 0 |1 0 |2 ddc |4 0 |6 LLAVE_000000000000000_Nº_26 |7 0 |9 1135304 |a UNACH |b UNACH |c Lockers |d 2012-10-11 |i 26 |l 3218 |m 1 |o Llave Nº 26 |p 71268 |r 2026-04-13 19:13:18 |s 2026-04-13 |t 26 |w 2012-10-11 |y LOCKERS | ||
| 952 | |0 0 |1 0 |2 ddc |4 0 |6 LLAVE_000000000000000_Nº_27 |7 0 |9 1135305 |a UNACH |b UNACH |c Lockers |d 2012-10-11 |i 27 |l 3188 |m 1 |o Llave Nº 27 |p 71269 |r 2026-04-13 20:59:57 |s 2026-04-13 |t 27 |w 2012-10-11 |y LOCKERS | ||
| 952 | |0 0 |1 0 |2 ddc |4 0 |6 LLAVE_000000000000000_Nº_28 |7 0 |9 1135306 |a UNACH |b UNACH |c Lockers |d 2012-10-11 |i 28 |l 3072 |m 4 |o Llave Nº 28 |p 71270 |r 2026-04-13 20:12:49 |s 2026-04-13 |t 28 |w 2012-10-11 |y LOCKERS | ||
| 952 | |0 0 |1 0 |2 ddc |4 0 |6 LLAVE_000000000000000_Nº_29 |7 0 |9 1135307 |a UNACH |b UNACH |c Lockers |d 2012-10-11 |i 29 |l 2981 |m 3 |o Llave Nº 29 |p 71271 |r 2026-04-13 19:13:51 |s 2026-04-13 |t 29 |w 2012-10-11 |y LOCKERS | ||
| 952 | |0 0 |1 0 |2 ddc |4 0 |6 LLAVE_000000000000000_Nº_30 |7 0 |9 1135308 |a UNACH |b UNACH |c Lockers |d 2012-10-11 |i 30 |l 3170 |m 1 |o Llave Nº 30 |p 71272 |q 2026-04-15 |r 2026-04-14 08:48:58 |s 2026-04-14 |t 30 |w 2012-10-11 |y LOCKERS | ||
| 952 | |0 0 |1 0 |2 ddc |4 0 |6 LLAVE_000000000000000_Nº_31 |7 0 |9 1135309 |a UNACH |b UNACH |c Lockers |d 2012-10-11 |i 31 |l 3226 |m 1 |o Llave Nº 31 |p 71273 |r 2026-04-13 12:55:31 |s 2026-04-13 |t 31 |w 2012-10-11 |y LOCKERS | ||
| 952 | |0 0 |1 0 |2 ddc |4 0 |6 LLAVE_000000000000000_Nº_32 |7 0 |9 1135310 |a UNACH |b UNACH |c Lockers |d 2012-10-11 |i 32 |l 3059 |m 2 |o Llave Nº 32 |p 71274 |q 2026-04-15 |r 2026-04-14 07:43:57 |s 2026-04-14 |t 32 |w 2012-10-11 |y LOCKERS | ||
| 952 | |0 0 |1 0 |2 ddc |4 0 |6 LLAVE_000000000000000_Nº_33 |7 0 |9 1135311 |a UNACH |b UNACH |c Lockers |d 2012-10-11 |i 33 |l 2849 |m 2 |o Llave Nº 33 |p 71275 |r 2026-04-13 18:12:11 |s 2026-04-13 |t 33 |w 2012-10-11 |y LOCKERS | ||
| 952 | |0 0 |1 0 |2 ddc |4 0 |6 LLAVE_000000000000000_Nº_34 |7 0 |9 1135312 |a UNACH |b UNACH |c Lockers |d 2012-10-11 |i 34 |l 2245 |m 5 |o Llave Nº 34 |p 71276 |r 2026-04-13 18:12:07 |s 2026-04-13 |t 34 |w 2012-10-11 |y LOCKERS | ||
| 952 | |0 0 |1 0 |2 ddc |4 0 |6 LLAVE_000000000000000_Nº_35 |7 0 |9 1135313 |a UNACH |b UNACH |c Lockers |d 2012-10-11 |i 35 |l 2623 |m 3 |o Llave Nº 35 |p 71277 |r 2026-04-13 19:51:12 |s 2026-04-13 |t 35 |w 2012-10-11 |y LOCKERS | ||
| 952 | |0 0 |1 0 |2 ddc |4 0 |6 LLAVE_000000000000000_Nº_36 |7 0 |9 1135314 |a UNACH |b UNACH |c Lockers |d 2012-10-11 |i 36 |l 2355 |m 3 |o Llave Nº 36 |p 71278 |r 2026-04-13 12:41:39 |s 2026-04-13 |t 36 |w 2012-10-11 |y LOCKERS | ||
| 952 | |0 0 |1 0 |2 ddc |4 0 |6 LLAVE_000000000000000_Nº_37 |7 0 |9 1135315 |a UNACH |b UNACH |c Lockers |d 2012-10-11 |i 37 |l 3258 |m 4 |o Llave Nº 37 |p 71279 |r 2026-04-13 19:39:35 |s 2026-04-13 |t 37 |w 2012-10-11 |y LOCKERS | ||
| 952 | |0 0 |1 0 |2 ddc |4 0 |6 LLAVE_000000000000000_Nº_38 |7 0 |9 1135316 |a UNACH |b UNACH |c Lockers |d 2012-10-11 |i 38 |l 3202 |o Llave Nº 38 |p 71280 |q 2026-04-10 |r 2026-04-09 12:17:02 |s 2026-04-09 |t 38 |w 2012-10-11 |y LOCKERS | ||
| 952 | |0 0 |1 0 |2 ddc |4 0 |6 LLAVE_000000000000000_Nº_39 |7 0 |9 1135317 |a UNACH |b UNACH |c Lockers |d 2012-10-11 |i 39 |l 3044 |m 2 |o Llave Nº 39 |p 71281 |r 2026-04-13 19:57:26 |s 2026-04-13 |t 39 |w 2012-10-11 |y LOCKERS | ||
| 952 | |0 0 |1 3 |2 ddc |4 0 |6 LLAVE_000000000000000_Nº_40 |7 0 |9 1135318 |a UNACH |b UNACH |c Lockers |d 2012-10-11 |i 40 |l 2988 |o Llave Nº 40 |p 71282 |r 2026-02-26 12:01:00 |s 2025-08-12 |t 40 |w 2012-10-11 |y LOCKERS | ||
| 952 | |0 0 |1 0 |2 ddc |4 0 |6 LLAVE_000000000000000_Nº_41 |7 0 |9 1135319 |a UNACH |b UNACH |c Lockers |d 2012-10-11 |i 41 |l 3291 |m 4 |o Llave Nº 41 |p 71283 |r 2026-04-13 15:30:50 |s 2026-04-13 |t 41 |w 2012-10-11 |y LOCKERS | ||
| 952 | |0 0 |1 0 |2 ddc |4 0 |6 LLAVE_000000000000000_Nº_42 |7 0 |9 1135320 |a UNACH |b UNACH |c Lockers |d 2012-10-11 |i 42 |l 3179 |m 1 |o Llave Nº 42 |p 71284 |r 2026-04-13 18:15:48 |s 2026-04-13 |t 42 |w 2012-10-11 |y LOCKERS | ||
| 952 | |0 0 |1 0 |2 ddc |4 0 |6 LLAVE_000000000000000_Nº_43 |7 0 |9 1135321 |a UNACH |b UNACH |c Lockers |d 2012-10-11 |i 43 |l 3204 |m 1 |o Llave Nº 43 |p 71285 |r 2026-04-13 15:42:06 |s 2026-04-13 |t 43 |w 2012-10-11 |y LOCKERS | ||
| 952 | |0 0 |1 0 |2 ddc |4 0 |6 LLAVE_000000000000000_Nº_44 |7 0 |9 1135322 |a UNACH |b UNACH |c Lockers |d 2012-10-11 |i 44 |l 3318 |m 3 |o Llave Nº 44 |p 71286 |q 2026-04-15 |r 2026-04-14 08:56:17 |s 2026-04-14 |t 44 |w 2012-10-11 |y LOCKERS | ||
| 952 | |0 0 |1 0 |2 ddc |4 0 |6 LLAVE_000000000000000_Nº_45 |7 0 |9 1135323 |a UNACH |b UNACH |c Lockers |d 2012-10-11 |i 45 |l 3151 |o Llave Nº 45 |p 71287 |q 2026-04-15 |r 2026-04-14 08:52:50 |s 2026-04-14 |t 45 |w 2012-10-11 |y LOCKERS | ||
| 952 | |0 0 |1 0 |2 ddc |4 0 |6 LLAVE_000000000000000_Nº_46 |7 0 |9 1135324 |a UNACH |b UNACH |c Lockers |d 2012-10-11 |i 46 |l 3222 |o Llave Nº 46 |p 71288 |r 2026-04-13 19:50:46 |s 2026-04-13 |t 46 |w 2012-10-11 |y LOCKERS | ||
| 952 | |0 0 |1 0 |2 ddc |4 0 |6 LLAVE_000000000000000_Nº_47 |7 0 |9 1135325 |a UNACH |b UNACH |c Lockers |d 2012-10-11 |i 47 |l 3216 |m 2 |o Llave Nº 47 |p 71289 |q 2026-04-15 |r 2026-04-14 07:49:53 |s 2026-04-14 |t 47 |w 2012-10-11 |y LOCKERS | ||
| 952 | |0 0 |1 0 |2 ddc |4 0 |6 LLAVE_000000000000000_Nº_48 |7 0 |9 1135326 |a UNACH |b UNACH |c Lockers |d 2012-10-11 |i 48 |l 2818 |m 2 |o Llave Nº 48 |p 71290 |q 2026-04-15 |r 2026-04-14 08:31:10 |s 2026-04-14 |t 48 |w 2012-10-11 |y LOCKERS | ||
| 952 | |0 0 |1 0 |2 ddc |4 0 |6 LLAVE_000000000000000_Nº_49 |7 0 |9 1135327 |a UNACH |b UNACH |c Lockers |d 2012-10-11 |i 49 |l 3245 |m 3 |o Llave Nº 49 |p 71291 |r 2026-04-13 18:39:38 |s 2026-04-13 |t 49 |w 2012-10-11 |y LOCKERS | ||
| 952 | |0 0 |1 0 |2 ddc |4 0 |6 LLAVE_000000000000000_Nº_50 |7 0 |9 1135328 |a UNACH |b UNACH |c Lockers |d 2012-10-11 |i 50 |l 3132 |m 3 |o Llave Nº 50 |p 71292 |q 2026-03-26 |r 2026-03-25 10:39:03 |s 2026-03-25 |t 50 |w 2012-10-11 |y LOCKERS | ||
| 952 | |0 0 |1 0 |2 ddc |4 0 |6 LLAVE_Nº_51_000000000000000 |7 0 |9 1135329 |a UNACH |b UNACH |c 700 |d 2012-10-11 |i 51 |l 2856 |o Llave Nº 51 |p 71293 |q 2026-04-15 |r 2026-04-14 08:42:00 |s 2026-04-14 |t 51 |w 2012-10-11 |y LOCKERS | ||
| 952 | |0 0 |1 0 |2 ddc |4 0 |6 LLAVE_000000000000000_Nº_52 |7 0 |9 1135330 |a UNACH |b UNACH |c Lockers |d 2012-10-11 |i 52 |l 2795 |o Llave Nº 52 |p 71294 |q 2025-11-11 |r 2025-11-10 09:06:09 |s 2025-11-10 |t 52 |w 2012-10-11 |y LOCKERS | ||
| 952 | |0 0 |1 0 |2 ddc |4 0 |6 LLAVE_000000000000000_Nº_53 |7 0 |9 1135331 |a UNACH |b UNACH |c Lockers |d 2012-10-11 |i 53 |l 2824 |m 2 |o Llave Nº 53 |p 71295 |r 2026-04-13 19:29:55 |s 2026-04-13 |t 53 |w 2012-10-11 |y LOCKERS | ||
| 952 | |0 0 |1 0 |2 ddc |4 0 |6 LLAVE_000000000000000_Nº_54 |7 0 |9 1135332 |a UNACH |b UNACH |c Lockers |d 2012-10-11 |i 54 |l 2728 |m 2 |o Llave Nº 54 |p 71296 |q 2026-04-15 |r 2026-04-14 08:50:12 |s 2026-04-14 |t 54 |w 2012-10-11 |y LOCKERS | ||
| 952 | |0 0 |1 0 |2 ddc |4 0 |6 LLAVE_000000000000000_Nº_55 |7 0 |9 1135333 |a UNACH |b UNACH |c Lockers |d 2012-10-11 |i 55 |l 2425 |m 1 |o Llave Nº 55 |p 71297 |q 2026-04-15 |r 2026-04-14 08:49:57 |s 2026-04-14 |t 55 |w 2012-10-11 |y LOCKERS | ||
| 952 | |0 0 |1 0 |2 ddc |4 0 |6 LLAVE_000000000000000_Nº_56 |7 0 |9 1135334 |a UNACH |b UNACH |c Lockers |d 2012-10-11 |i 56 |l 2757 |m 2 |o Llave Nº 56 |p 71298 |q 2026-04-15 |r 2026-04-14 08:18:31 |s 2026-04-14 |t 56 |w 2012-10-11 |y LOCKERS | ||
| 952 | |0 0 |1 0 |2 ddc |4 0 |6 LLAVE_Nº_57_000000000000000 |7 0 |9 1135335 |a UNACH |b UNACH |c 700 |d 2012-10-11 |i 57 |l 2783 |m 2 |o Llave Nº 57 |p 71299 |q 2026-04-15 |r 2026-04-14 08:01:06 |s 2026-04-14 |t 57 |w 2012-10-11 |y LOCKERS | ||
| 952 | |0 0 |1 0 |2 ddc |4 0 |6 LLAVE_000000000000000_Nº_58 |7 0 |9 1135336 |a UNACH |b UNACH |c Lockers |d 2012-10-11 |i 58 |l 2798 |o Llave Nº 58 |p 71300 |r 2026-04-13 19:27:30 |s 2026-04-13 |t 58 |w 2012-10-11 |y LOCKERS | ||
| 952 | |0 0 |1 0 |2 ddc |4 0 |6 LLAVE_000000000000000_Nº_59 |7 0 |9 1135337 |a UNACH |b UNACH |c Lockers |d 2012-10-11 |i 59 |l 2707 |m 2 |o Llave Nº 59 |p 71301 |r 2026-04-13 15:27:57 |s 2026-04-13 |t 59 |w 2012-10-11 |y LOCKERS | ||
| 952 | |0 0 |1 0 |2 ddc |4 0 |6 LLAVE_000000000000000_Nº_60 |7 0 |9 1135338 |a UNACH |b UNACH |c Lockers |d 2012-10-11 |i 60 |l 2613 |m 5 |o Llave Nº 60 |p 71302 |q 2026-04-15 |r 2026-04-14 07:50:45 |s 2026-04-14 |t 60 |w 2012-10-11 |y LOCKERS | ||
| 952 | |0 0 |1 0 |2 ddc |4 0 |6 LLAVE_000000000000000_Nº_61 |7 0 |9 1135339 |a UNACH |b UNACH |c Lockers |d 2012-10-11 |i 61 |l 2701 |m 1 |o Llave Nº 61 |p 71303 |q 2026-04-15 |r 2026-04-14 08:49:06 |s 2026-04-14 |t 61 |w 2012-10-11 |y LOCKERS | ||
| 952 | |0 0 |1 0 |2 ddc |4 0 |6 LLAVE_000000000000000_Nº_62 |7 0 |9 1135340 |a UNACH |b UNACH |c Lockers |d 2012-10-11 |i 62 |l 2751 |o Llave Nº 62 |p 71304 |r 2026-04-13 19:30:06 |s 2026-04-13 |t 62 |w 2012-10-11 |y LOCKERS | ||
| 952 | |0 0 |1 0 |2 ddc |4 0 |6 LLAVE_000000000000000_Nº_63 |7 0 |9 1135341 |a UNACH |b UNACH |c Lockers |d 2012-10-11 |i 63 |l 2739 |m 1 |o Llave Nº 63 |p 71305 |q 2026-04-14 |r 2026-04-13 11:47:50 |s 2026-04-13 |t 63 |w 2012-10-11 |y LOCKERS | ||
| 952 | |0 0 |1 0 |2 ddc |4 0 |6 LLAVE_000000000000000_Nº_64 |7 0 |9 1135342 |a UNACH |b UNACH |c Lockers |d 2012-10-11 |i 64 |l 2749 |m 2 |o Llave Nº 64 |p 71306 |q 2026-04-15 |r 2026-04-14 08:53:31 |s 2026-04-14 |t 64 |w 2012-10-11 |y LOCKERS | ||
| 952 | |0 0 |1 0 |2 ddc |4 0 |6 LLAVE_000000000000000_Nº_65 |7 0 |9 1135343 |a UNACH |b UNACH |c Lockers |d 2012-10-11 |i 65 |l 1985 |o Llave Nº 65 |p 71307 |r 2026-04-13 19:56:20 |s 2026-04-13 |t 65 |w 2012-10-11 |y LOCKERS | ||
| 952 | |0 0 |1 0 |2 ddc |4 0 |6 LLAVE_000000000000000_Nº_66 |7 0 |9 1135344 |a UNACH |b UNACH |c Lockers |d 2012-10-11 |i 66 |l 2214 |m 2 |o Llave Nº 66 |p 71308 |r 2026-04-13 20:12:44 |s 2026-04-13 |t 66 |w 2012-10-11 |y LOCKERS | ||
| 952 | |0 0 |1 0 |2 ddc |4 0 |6 LLAVE_000000000000000_Nº_67 |7 0 |9 1135345 |a UNACH |b UNACH |c Lockers |d 2012-10-11 |i 67 |l 1953 |m 1 |o Llave Nº 67 |p 71309 |r 2026-04-13 18:35:28 |s 2026-04-13 |t 67 |w 2012-10-11 |y LOCKERS | ||
| 952 | |0 0 |1 0 |2 ddc |4 0 |6 LLAVE_Nº_68_000000000000000 |7 0 |9 1135346 |a UNACH |b UNACH |c 700 |d 2012-10-11 |i 68 |l 2422 |o Llave Nº 68 |p 71310 |r 2026-04-07 15:35:57 |s 2026-04-07 |t 68 |w 2012-10-11 |y LOCKERS | ||
| 952 | |0 0 |1 0 |2 ddc |4 0 |6 LLAVE_000000000000000_Nº_69 |7 0 |9 1135347 |a UNACH |b UNACH |c Lockers |d 2012-10-11 |i 69 |l 2737 |o Llave Nº 69 |p 71311 |q 2026-04-15 |r 2026-04-14 07:50:25 |s 2026-04-14 |t 69 |w 2012-10-11 |y LOCKERS | ||
| 952 | |0 0 |1 0 |2 ddc |4 0 |6 LLAVE_Nº_70_000000000000000 |7 0 |9 1135348 |a UNACH |b UNACH |c 700 |d 2012-10-11 |i 70 |l 2347 |o Llave Nº 70 |p 71312 |q 2026-04-10 |r 2026-04-09 13:53:27 |s 2026-04-09 |t 70 |w 2012-10-11 |y LOCKERS | ||
| 952 | |0 0 |1 0 |2 ddc |4 0 |6 LLAVE_000000000000000_Nº_71 |7 0 |9 1135349 |a UNACH |b UNACH |c Lockers |d 2012-10-11 |i 71 |l 2333 |m 2 |o Llave Nº 71 |p 71313 |r 2024-08-28 00:00:00 |s 2024-05-13 |t 71 |w 2012-10-11 |y LOCKERS | ||
| 952 | |0 0 |1 0 |2 ddc |4 0 |6 LLAVE_000000000000000_Nº_72 |7 0 |9 1135350 |a UNACH |b UNACH |c Lockers |d 2012-10-11 |i 72 |l 2575 |m 3 |o Llave Nº 72 |p 71314 |r 2026-04-13 17:32:14 |s 2026-04-13 |t 72 |w 2012-10-11 |y LOCKERS | ||
| 952 | |0 0 |1 0 |2 ddc |4 0 |6 LLAVE_000000000000000_Nº_73 |7 0 |9 1135351 |a UNACH |b UNACH |c Lockers |d 2012-10-11 |i 73 |l 2490 |m 5 |o Llave Nº 73 |p 71315 |q 2025-10-08 |r 2025-10-07 14:31:12 |s 2025-10-07 |t 73 |w 2012-10-11 |y LOCKERS | ||
| 952 | |0 0 |1 0 |2 ddc |4 0 |6 LLAVE_000000000000000_Nº_74 |7 0 |9 1135352 |a UNACH |b UNACH |c Lockers |d 2012-10-11 |i 74 |l 2733 |m 1 |o Llave Nº 74 |p 71316 |q 2026-04-14 |r 2026-04-13 13:32:46 |s 2026-04-13 |t 74 |w 2012-10-11 |y LOCKERS | ||
| 952 | |0 0 |1 0 |2 ddc |4 0 |6 LLAVE_000000000000000_Nº_75 |7 0 |9 1135353 |a UNACH |b UNACH |c Lockers |d 2012-10-11 |i 75 |l 2758 |m 1 |o Llave Nº 75 |p 71317 |q 2026-04-15 |r 2026-04-14 08:48:53 |s 2026-04-14 |t 75 |w 2012-10-11 |y LOCKERS | ||
| 952 | |0 0 |1 0 |2 ddc |4 0 |6 LLAVE_Nº_76_000000000000000 |7 0 |9 1135354 |a UNACH |b UNACH |c 700 |d 2012-10-11 |i 76 |l 2736 |m 1 |o Llave Nº 76 |p 71318 |r 2026-04-13 18:14:29 |s 2026-04-13 |t 76 |w 2012-10-11 |y LOCKERS | ||
| 952 | |0 0 |1 0 |2 ddc |4 0 |6 LLAVE_000000000000000_Nº_77 |7 0 |9 1135355 |a UNACH |b UNACH |c Lockers |d 2012-10-11 |i 77 |l 2740 |m 4 |o Llave Nº 77 |p 71319 |q 2026-04-15 |r 2026-04-14 08:23:31 |s 2026-04-14 |t 77 |w 2012-10-11 |y LOCKERS | ||
| 952 | |0 0 |1 0 |2 ddc |4 0 |6 LLAVE_000000000000000_Nº_78 |7 0 |9 1135356 |a UNACH |b UNACH |c Lockers |d 2012-10-11 |i 78 |l 2641 |m 2 |o Llave Nº 78 |p 71320 |q 2026-04-15 |r 2026-04-14 08:50:22 |s 2026-04-14 |t 78 |w 2012-10-11 |y LOCKERS | ||
| 952 | |0 0 |1 0 |2 ddc |4 0 |6 LLAVE_000000000000000_Nº_79 |7 0 |9 1135357 |a UNACH |b UNACH |c Lockers |d 2012-10-11 |i 79 |l 2264 |o Llave Nº 79 |p 71321 |r 2026-04-13 17:00:42 |s 2026-04-13 |t 79 |w 2012-10-11 |y LOCKERS | ||
| 952 | |0 0 |1 0 |2 ddc |4 0 |6 LLAVE_000000000000000_Nº_80 |7 0 |9 1135358 |a UNACH |b UNACH |c Lockers |d 2012-10-11 |i 80 |l 2633 |m 3 |o Llave Nº 80 |p 71322 |r 2026-04-13 17:01:12 |s 2026-04-13 |t 80 |w 2012-10-11 |y LOCKERS | ||
| 952 | |0 0 |1 0 |2 ddc |4 0 |6 LLAVE_000000000000000_Nº_81 |7 0 |9 1135359 |a UNACH |b UNACH |c Lockers |d 2012-10-11 |i 81 |l 2549 |o Llave Nº 81 |p 71323 |q 2026-04-15 |r 2026-04-14 08:49:19 |s 2026-04-14 |t 81 |w 2012-10-11 |y LOCKERS | ||
| 952 | |0 0 |1 0 |2 ddc |4 0 |6 LLAVE_000000000000000_Nº_82 |7 0 |9 1135360 |a UNACH |b UNACH |c Lockers |d 2012-10-11 |i 82 |l 2463 |o Llave Nº 82 |p 71324 |q 2026-04-15 |r 2026-04-14 08:53:41 |s 2026-04-14 |t 82 |w 2012-10-11 |y LOCKERS | ||
| 952 | |0 0 |1 0 |2 ddc |4 0 |6 LLAVE_Nº_83_000000000000000 |7 0 |9 1135361 |a UNACH |b UNACH |c 700 |d 2012-10-11 |i 83 |l 2202 |m 6 |o Llave Nº 83 |p 71325 |q 2026-04-15 |r 2026-04-14 08:54:19 |s 2026-04-14 |t 83 |w 2012-10-11 |y LOCKERS | ||
| 952 | |0 0 |1 0 |2 ddc |4 0 |6 LLAVE_000000000000000_Nº_84 |7 0 |9 1135362 |a UNACH |b UNACH |c Lockers |d 2012-10-11 |i 84 |l 2591 |m 1 |o Llave Nº 84 |p 71326 |q 2026-04-15 |r 2026-04-14 08:45:05 |s 2026-04-14 |t 84 |w 2012-10-11 |y LOCKERS | ||
| 952 | |0 0 |1 0 |2 ddc |4 0 |6 LLAVE_000000000000000_Nº_85 |7 0 |9 1135363 |a UNACH |b UNACH |c Lockers |d 2012-10-11 |i 85 |l 2576 |m 2 |o Llave Nº 85 |p 71327 |r 2026-04-13 19:13:52 |s 2026-04-13 |t 85 |w 2012-10-11 |y LOCKERS | ||
| 952 | |0 0 |1 0 |2 ddc |4 0 |6 LLAVE_000000000000000_Nº_86 |7 0 |9 1135364 |a UNACH |b UNACH |c Lockers |d 2012-10-11 |i 86 |l 2409 |o Llave Nº 86 |p 71328 |r 2026-04-13 19:11:12 |s 2026-04-13 |t 86 |w 2012-10-11 |y LOCKERS | ||
| 952 | |0 0 |1 0 |2 ddc |4 0 |6 LLAVE_000000000000000_Nº_87 |7 0 |9 1135365 |a UNACH |b UNACH |c Lockers |d 2012-10-11 |i 87 |l 2393 |o Llave Nº 87 |p 71329 |q 2026-04-15 |r 2026-04-14 08:31:19 |s 2026-04-14 |t 87 |w 2012-10-11 |y LOCKERS | ||
| 952 | |0 0 |1 0 |2 ddc |4 0 |6 LLAVE_000000000000000_Nº_88 |7 0 |9 1135366 |a UNACH |b UNACH |c Lockers |d 2012-10-11 |i 88 |l 2531 |m 0 |o Llave Nº 88 |p 71330 |q 2026-04-15 |r 2026-04-14 08:31:32 |s 2026-04-14 |t 88 |w 2012-10-11 |y LOCKERS | ||
| 952 | |0 0 |1 0 |2 ddc |4 0 |6 LLAVE_000000000000000_Nº_89 |7 0 |9 1135367 |a UNACH |b UNACH |c Lockers |d 2012-10-11 |i 89 |l 2064 |o Llave Nº 89 |p 71331 |r 2025-11-07 09:31:13 |s 2025-03-12 |t 89 |w 2012-10-11 |y LOCKERS | ||
| 952 | |0 0 |1 0 |2 ddc |4 0 |6 LLAVE_000000000000000_Nº_90 |7 0 |9 1135368 |a UNACH |b UNACH |c Lockers |d 2012-10-11 |i 90 |l 2513 |m 1 |o Llave Nº 90 |p 71332 |r 2026-04-13 17:41:22 |s 2026-04-13 |t 90 |w 2012-10-11 |y LOCKERS | ||
| 952 | |0 0 |1 0 |2 ddc |4 0 |6 LLAVE_000000000000000_Nº_91 |7 0 |9 1135369 |a UNACH |b UNACH |c Lockers |d 2012-10-11 |i 91 |l 2420 |o Llave Nº 91 |p 71333 |q 2026-04-15 |r 2026-04-14 08:58:33 |s 2026-04-14 |t 91 |w 2012-10-11 |y LOCKERS | ||
| 952 | |0 0 |1 0 |2 ddc |4 0 |6 LLAVE_000000000000000_Nº_92 |7 0 |9 1135370 |a UNACH |b UNACH |c Lockers |d 2012-10-11 |i 92 |l 2319 |o Llave Nº 92 |p 71334 |q 2026-03-24 |r 2026-03-23 12:47:23 |s 2026-03-23 |t 92 |w 2012-10-11 |y LOCKERS | ||
| 952 | |0 0 |1 0 |2 ddc |4 0 |6 LLAVE_000000000000000_Nº_93 |7 0 |9 1135371 |a UNACH |b UNACH |c Lockers |d 2012-10-11 |i 93 |l 2156 |o Llave Nº 93 |p 71335 |r 2026-04-13 16:59:38 |s 2026-04-13 |t 93 |w 2012-10-11 |y LOCKERS | ||
| 952 | |0 0 |1 0 |2 ddc |4 0 |6 LLAVE_000000000000000_Nº_94 |7 0 |9 1135372 |a UNACH |b UNACH |c Lockers |d 2012-10-11 |i 94 |l 2378 |m 1 |o Llave Nº 94 |p 71336 |q 2026-04-15 |r 2026-04-14 09:00:35 |s 2026-04-14 |t 94 |w 2012-10-11 |y LOCKERS | ||
| 952 | |0 0 |1 0 |2 ddc |4 0 |6 LLAVE_000000000000000_Nº_95 |7 0 |9 1135373 |a UNACH |b UNACH |c Lockers |d 2012-10-11 |i 95 |l 2280 |m 1 |o Llave Nº 95 |p 71337 |r 2026-04-13 17:52:01 |s 2026-04-13 |t 95 |w 2012-10-11 |y LOCKERS | ||
| 952 | |0 0 |1 0 |2 ddc |4 0 |6 LLAVE_000000000000000_Nº_96 |7 0 |9 1135374 |a UNACH |b UNACH |c Lockers |d 2012-10-11 |i 96 |l 2460 |m 1 |o Llave Nº 96 |p 71338 |q 2026-04-10 |r 2026-04-09 16:37:29 |s 2026-04-09 |t 96 |w 2012-10-11 |y LOCKERS | ||
| 952 | |0 0 |1 0 |2 ddc |4 0 |6 LLAVE_000000000000000_Nº_97 |7 0 |9 1135375 |a UNACH |b UNACH |c Lockers |d 2012-10-11 |i 97 |l 2374 |o Llave Nº 97 |p 71339 |q 2026-04-15 |r 2026-04-14 08:54:09 |s 2026-04-14 |t 97 |w 2012-10-11 |y LOCKERS | ||
| 952 | |0 0 |1 0 |2 ddc |4 0 |6 LLAVE_000000000000000_Nº_98 |7 0 |9 1135376 |a UNACH |b UNACH |c Lockers |d 2012-10-11 |i 98 |l 2248 |o Llave Nº 98 |p 71340 |r 2026-04-13 19:30:00 |s 2026-04-13 |t 98 |w 2012-10-11 |y LOCKERS | ||
| 952 | |0 0 |1 0 |2 ddc |4 0 |6 LLAVE_000000000000000_Nº_99 |7 0 |9 1135377 |a UNACH |b UNACH |c Lockers |d 2012-10-11 |i 99 |l 2142 |o Llave Nº 99 |p 71341 |r 2025-10-07 10:11:16 |s 2025-10-07 |t 99 |w 2012-10-11 |y LOCKERS | ||
| 952 | |0 0 |1 0 |2 ddc |4 0 |6 LLAVE_000000000000000_Nº_100 |7 0 |9 1135378 |a UNACH |b UNACH |c Lockers |d 2012-10-11 |i 100 |l 1942 |o Llave Nº 100 |p 71342 |q 2026-04-15 |r 2026-04-14 08:54:51 |s 2026-04-14 |t 100 |w 2012-10-11 |y LOCKERS | ||
| 952 | |0 0 |1 0 |2 ddc |4 0 |6 LLAVE_000000000000000_Nº_101 |7 0 |9 1135379 |a UNACH |b UNACH |c Lockers |d 2012-10-11 |i 101 |l 1363 |m 1 |o Llave Nº 101 |p 71343 |q 2026-04-15 |r 2026-04-14 08:31:40 |s 2026-04-14 |t 101 |w 2012-10-11 |y LOCKERS | ||
| 952 | |0 0 |1 0 |2 ddc |4 0 |6 LLAVE_000000000000000_Nº_102 |7 0 |9 1135380 |a UNACH |b UNACH |c Lockers |d 2012-10-11 |i 102 |l 1407 |o Llave Nº 102 |p 71344 |q 2026-04-15 |r 2026-04-14 08:59:00 |s 2026-04-14 |t 102 |w 2012-10-11 |y LOCKERS | ||
| 952 | |0 0 |1 0 |2 ddc |4 0 |6 LLAVE_000000000000000_Nº_103 |7 0 |9 1135381 |a UNACH |b UNACH |c Lockers |d 2012-10-11 |i 103 |l 1401 |o Llave Nº 103 |p 71345 |q 2026-04-15 |r 2026-04-14 08:49:41 |s 2026-04-14 |t 103 |w 2012-10-11 |y LOCKERS | ||
| 952 | |0 0 |1 0 |2 ddc |4 0 |6 LLAVE_000000000000000_Nº_104 |7 0 |9 1135382 |a UNACH |b UNACH |c Lockers |d 2012-10-11 |i 104 |l 1357 |o Llave Nº 104 |p 71346 |r 2026-04-13 17:02:34 |s 2026-04-13 |t 104 |w 2012-10-11 |y LOCKERS | ||
| 952 | |0 0 |1 0 |2 ddc |4 0 |6 LLAVE_000000000000000_Nº_105 |7 0 |9 1135383 |a UNACH |b UNACH |c Lockers |d 2012-10-11 |i 105 |l 1326 |m 1 |o Llave Nº 105 |p 71347 |q 2026-04-15 |r 2026-04-14 07:58:12 |s 2026-04-14 |t 105 |w 2012-10-11 |y LOCKERS | ||
| 952 | |0 0 |1 0 |2 ddc |4 0 |6 LLAVE_000000000000000_Nº_106 |7 0 |9 1135384 |a UNACH |b UNACH |c Lockers |d 2012-10-11 |i 106 |l 1369 |o Llave Nº 106 |p 71348 |r 2026-04-13 18:38:55 |s 2026-04-13 |t 106 |w 2012-10-11 |y LOCKERS | ||
| 952 | |0 0 |1 0 |2 ddc |4 0 |6 LLAVE_000000000000000_Nº_107 |7 0 |9 1135385 |a UNACH |b UNACH |c Lockers |d 2012-10-11 |i 107 |l 1542 |o Llave Nº 107 |p 71349 |q 2026-04-15 |r 2026-04-14 09:03:56 |s 2026-04-14 |t 107 |w 2012-10-11 |y LOCKERS | ||
| 952 | |0 0 |1 0 |2 ddc |4 0 |6 LLAVE_000000000000000_Nº_108 |7 0 |9 1135386 |a UNACH |b UNACH |c Lockers |d 2012-10-11 |i 108 |l 1461 |o Llave Nº 108 |p 71350 |q 2026-04-15 |r 2026-04-14 08:48:43 |s 2026-04-14 |t 108 |w 2012-10-11 |y LOCKERS | ||
| 952 | |0 0 |1 0 |2 ddc |4 0 |6 LLAVE_000000000000000_Nº_109 |7 0 |9 1135387 |a UNACH |b UNACH |c Lockers |d 2012-10-11 |i 109 |l 1359 |m 3 |o Llave Nº 109 |p 71351 |r 2026-04-13 17:02:38 |s 2026-04-13 |t 109 |w 2012-10-11 |y LOCKERS | ||
| 952 | |0 0 |1 0 |2 ddc |4 0 |6 LLAVE_000000000000000_Nº_110 |7 0 |9 1135388 |a UNACH |b UNACH |c Lockers |d 2012-10-11 |i 110 |l 1266 |m 2 |o Llave Nº 110 |p 71352 |q 2026-04-15 |r 2026-04-14 08:50:08 |s 2026-04-14 |t 110 |w 2012-10-11 |y LOCKERS | ||
| 952 | |0 0 |1 0 |2 ddc |4 0 |6 LLAVE_000000000000000_Nº_111 |7 0 |9 1135389 |a UNACH |b UNACH |c Lockers |d 2012-10-11 |i 111 |l 1335 |o Llave Nº 111 |p 71353 |r 2025-11-20 17:01:43 |s 2025-11-20 |t 111 |w 2012-10-11 |y LOCKERS | ||
| 952 | |0 0 |1 0 |2 ddc |4 0 |6 LLAVE_000000000000000_Nº_112 |7 0 |9 1135390 |a UNACH |b UNACH |c Lockers |d 2012-10-11 |i 112 |l 1414 |o Llave Nº 112 |p 71354 |q 2026-04-15 |r 2026-04-14 08:50:01 |s 2026-04-14 |t 112 |w 2012-10-11 |y LOCKERS | ||
| 952 | |0 0 |1 0 |2 ddc |4 0 |6 LLAVE_000000000000000_Nº_113 |7 0 |9 1135391 |a UNACH |b UNACH |c Lockers |d 2012-10-11 |i 113 |l 1294 |o Llave Nº 113 |p 71355 |r 2026-04-13 21:27:18 |s 2026-04-13 |t 113 |w 2012-10-11 |y LOCKERS | ||
| 952 | |0 0 |1 0 |2 ddc |4 0 |6 LLAVE_000000000000000_Nº_114 |7 0 |9 1135392 |a UNACH |b UNACH |c Lockers |d 2012-10-11 |i 114 |l 1407 |m 1 |o Llave Nº 114 |p 71356 |r 2026-04-13 17:00:07 |s 2026-04-13 |t 114 |w 2012-10-11 |y LOCKERS | ||
| 952 | |0 0 |1 0 |2 ddc |4 0 |6 LLAVE_000000000000000_Nº_115 |7 0 |9 1135393 |a UNACH |b UNACH |c Lockers |d 2012-10-12 |i 115 |l 1306 |m 1 |o Llave Nº 115 |p 71357 |q 2026-04-14 |r 2026-04-13 11:27:04 |s 2026-04-13 |t 115 |w 2012-10-12 |y LOCKERS | ||
| 952 | |0 0 |1 0 |2 ddc |4 0 |6 LLAVE_Nº_116_000000000000000 |7 0 |9 1135394 |a UNACH |b UNACH |c 700 |d 2012-10-12 |i 116 |l 1214 |o Llave Nº 116 |p 71358 |q 2026-04-14 |r 2026-04-13 13:48:02 |s 2026-04-13 |t 116 |w 2012-10-12 |y LOCKERS | ||
| 952 | |0 0 |1 0 |2 ddc |4 0 |6 LLAVE_000000000000000_Nº_117 |7 0 |9 1135395 |a UNACH |b UNACH |c Lockers |d 2012-10-12 |i 117 |l 1308 |m 2 |o Llave Nº 117 |p 71359 |r 2026-04-13 18:25:46 |s 2026-04-13 |t 117 |w 2012-10-12 |y LOCKERS | ||
| 952 | |0 0 |1 0 |2 ddc |4 0 |6 LLAVE_000000000000000_Nº_118 |7 0 |9 1135396 |a UNACH |b UNACH |c Lockers |d 2012-10-12 |i 118 |l 1302 |o Llave Nº 118 |p 71360 |r 2026-04-13 12:16:30 |s 2026-04-13 |t 118 |w 2012-10-12 |y LOCKERS | ||
| 952 | |0 0 |1 0 |2 ddc |4 0 |6 LLAVE_000000000000000_Nº_119 |7 0 |9 1135397 |a UNACH |b UNACH |c Lockers |d 2012-10-12 |i 119 |l 1398 |m 2 |o Llave Nº 119 |p 71361 |q 2026-04-15 |r 2026-04-14 08:55:18 |s 2026-04-14 |t 119 |w 2012-10-12 |y LOCKERS | ||
| 952 | |0 0 |1 0 |2 ddc |4 0 |6 LLAVE_000000000000000_Nº_120 |7 0 |9 1135398 |a UNACH |b UNACH |c Lockers |d 2012-10-12 |i 120 |l 1251 |m 1 |o Llave Nº 120 |p 71362 |q 2026-04-15 |r 2026-04-14 08:54:01 |s 2026-04-14 |t 120 |w 2012-10-12 |y LOCKERS | ||
| 952 | |0 0 |1 0 |2 ddc |4 0 |6 LLAVE_000000000000000_Nº_121 |7 0 |9 1135399 |a UNACH |b UNACH |c Lockers |d 2012-10-12 |i 121 |l 1274 |o Llave Nº 121 |p 71363 |q 2026-04-15 |r 2026-04-14 08:19:57 |s 2026-04-14 |t 121 |w 2012-10-12 |y LOCKERS | ||
| 952 | |0 0 |1 0 |2 ddc |4 0 |6 LLAVE_000000000000000_Nº_122 |7 0 |9 1135400 |a UNACH |b UNACH |c Lockers |d 2012-10-12 |i 122 |l 1255 |o Llave Nº 122 |p 71364 |r 2026-04-13 19:47:23 |s 2026-04-13 |t 122 |w 2012-10-12 |y LOCKERS | ||
| 952 | |0 0 |1 0 |2 ddc |4 0 |6 LLAVE_000000000000000_Nº_123 |7 0 |9 1135401 |a UNACH |b UNACH |c Lockers |d 2012-10-12 |i 123 |l 1013 |o Llave Nº 123 |p 71365 |q 2026-04-15 |r 2026-04-14 08:55:01 |s 2026-04-14 |t 123 |w 2012-10-12 |y LOCKERS | ||
| 952 | |0 0 |1 0 |2 ddc |4 0 |6 LLAVE_000000000000000_Nº_124 |7 0 |9 1135402 |a UNACH |b UNACH |c Lockers |d 2012-10-12 |i 124 |l 1257 |o Llave Nº 124 |p 71366 |q 2026-04-15 |r 2026-04-14 08:23:39 |s 2026-04-14 |t 124 |w 2012-10-12 |y LOCKERS | ||
| 952 | |0 0 |1 0 |2 ddc |4 0 |6 LLAVE_000000000000000_Nº_125 |7 0 |9 1135403 |a UNACH |b UNACH |c Lockers |d 2012-10-12 |i 125 |l 1382 |m 1 |o Llave Nº 125 |p 71367 |r 2026-04-13 17:02:11 |s 2026-04-13 |t 125 |w 2012-10-12 |y LOCKERS | ||
| 952 | |0 0 |1 0 |2 ddc |4 0 |6 LLAVE_000000000000000_Nº_126 |7 0 |9 1135404 |a UNACH |b UNACH |c Lockers |d 2012-10-12 |i 126 |l 1310 |o Llave Nº 126 |p 71368 |r 2026-04-13 17:10:11 |s 2026-04-13 |t 126 |w 2012-10-12 |y LOCKERS | ||
| 952 | |0 0 |1 0 |2 ddc |4 0 |6 LLAVE_000000000000000_Nº_127 |7 0 |9 1135405 |a UNACH |b UNACH |c Lockers |d 2012-10-12 |i 127 |l 1230 |m 1 |o Llave Nº 127 |p 71369 |q 2026-04-15 |r 2026-04-14 08:23:57 |s 2026-04-14 |t 127 |w 2012-10-12 |y LOCKERS | ||
| 952 | |0 0 |1 0 |2 ddc |4 0 |6 LLAVE_000000000000000_Nº_128 |7 0 |9 1135406 |a UNACH |b UNACH |c Lockers |d 2012-10-12 |i 128 |l 1208 |o Llave Nº 128 |p 71370 |r 2026-04-13 17:02:42 |s 2026-04-09 |t 128 |w 2012-10-12 |y LOCKERS | ||
| 952 | |0 0 |1 0 |2 ddc |4 0 |6 LLAVE_000000000000000_Nº_129 |7 0 |9 1135407 |a UNACH |b UNACH |c Lockers |d 2012-10-12 |i 129 |l 1242 |m 1 |o Llave Nº 129 |p 71371 |q 2026-04-14 |r 2026-04-13 12:03:50 |s 2026-04-13 |t 129 |w 2012-10-12 |y LOCKERS | ||
| 952 | |0 0 |1 0 |2 ddc |4 0 |6 LLAVE_000000000000000_Nº_130 |7 0 |9 1135408 |a UNACH |b UNACH |c Lockers |d 2012-10-12 |i 130 |l 1249 |m 4 |o Llave Nº 130 |p 71372 |q 2026-04-15 |r 2026-04-14 08:49:08 |s 2026-04-14 |t 130 |w 2012-10-12 |y LOCKERS | ||
| 952 | |0 0 |1 0 |2 ddc |4 0 |6 LLAVE_000000000000000_Nº_131 |7 0 |9 1135409 |a UNACH |b UNACH |c Lockers |d 2012-10-12 |i 131 |l 1275 |o Llave Nº 131 |p 71373 |q 2026-04-15 |r 2026-04-14 08:00:41 |s 2026-04-14 |t 131 |w 2012-10-12 |y LOCKERS | ||
| 952 | |0 0 |1 0 |2 ddc |4 0 |6 LLAVE_000000000000000_Nº_132 |7 0 |9 1135410 |a UNACH |b UNACH |c Lockers |d 2012-10-12 |i 132 |l 1193 |m 2 |o Llave Nº 132 |p 71374 |q 2026-04-15 |r 2026-04-14 09:05:21 |s 2026-04-14 |t 132 |w 2012-10-12 |y LOCKERS | ||
| 952 | |0 0 |1 0 |2 ddc |4 0 |6 LLAVE_000000000000000_Nº_133 |7 0 |9 1135411 |a UNACH |b UNACH |c Lockers |d 2012-10-12 |i 133 |l 1181 |m 3 |o Llave Nº 133 |p 71375 |r 2026-04-13 19:57:04 |s 2026-04-13 |t 133 |w 2012-10-12 |y LOCKERS | ||
| 952 | |0 0 |1 0 |2 ddc |4 0 |6 LLAVE_000000000000000_Nº_134 |7 0 |9 1135412 |a UNACH |b UNACH |c Lockers |d 2012-10-12 |i 134 |l 1144 |m 3 |o Llave Nº 134 |p 71376 |q 2026-04-15 |r 2026-04-14 08:49:44 |s 2026-04-14 |t 134 |w 2012-10-12 |y LOCKERS | ||
| 952 | |0 0 |1 0 |2 ddc |4 0 |6 LLAVE_000000000000000_Nº_135 |7 0 |9 1135413 |a UNACH |b UNACH |c Lockers |d 2012-10-12 |i 135 |l 1275 |m 1 |o Llave Nº 135 |p 71377 |r 2026-04-13 17:28:32 |s 2026-04-13 |t 135 |w 2012-10-12 |y LOCKERS | ||
| 952 | |0 0 |1 0 |2 ddc |4 0 |6 LLAVE_000000000000000_Nº_136 |7 0 |9 1135414 |a UNACH |b UNACH |c Lockers |d 2012-10-12 |i 136 |l 1260 |m 1 |o Llave Nº 136 |p 71378 |r 2026-04-13 16:59:49 |s 2026-04-13 |t 136 |w 2012-10-12 |y LOCKERS | ||
| 952 | |0 0 |1 0 |2 ddc |4 0 |6 LLAVE_000000000000000_Nº_137 |7 0 |9 1135415 |a UNACH |b UNACH |c Lockers |d 2012-10-12 |i 137 |l 1002 |m 1 |o Llave Nº 137 |p 71379 |r 2026-04-13 18:54:18 |s 2026-04-13 |t 137 |w 2012-10-12 |y LOCKERS | ||
| 952 | |0 0 |1 0 |2 ddc |4 0 |6 LLAVE_000000000000000_Nº_138 |7 0 |9 1135416 |a UNACH |b UNACH |c Lockers |d 2012-10-12 |i 138 |l 1076 |m 1 |o Llave Nº 138 |p 71380 |q 2026-04-15 |r 2026-04-14 08:19:32 |s 2026-04-14 |t 138 |w 2012-10-12 |y LOCKERS | ||
| 952 | |0 0 |1 0 |2 ddc |4 0 |6 LLAVE_000000000000000_Nº_139 |7 0 |9 1135417 |a UNACH |b UNACH |c Lockers |d 2012-10-12 |i 139 |l 927 |o Llave Nº 139 |p 71381 |r 2025-12-02 12:04:10 |s 2025-12-02 |t 139 |w 2012-10-12 |y LOCKERS | ||
| 952 | |0 0 |1 0 |2 ddc |4 0 |6 LLAVE_000000000000000_Nº_140 |7 0 |9 1135418 |a UNACH |b UNACH |c Lockers |d 2012-10-12 |i 140 |l 937 |o Llave Nº 140 |p 71382 |q 2026-04-15 |r 2026-04-14 08:55:08 |s 2026-04-14 |t 140 |w 2012-10-12 |y LOCKERS | ||
| 952 | |0 0 |1 0 |2 ddc |4 0 |6 LLAVE_000000000000000_Nº_141 |7 0 |9 1135419 |a UNACH |b UNACH |c Lockers |d 2012-10-12 |i 141 |l 302 |o Llave Nº 141 |p 71383 |r 2025-08-26 17:42:01 |s 2025-06-24 |t 141 |w 2012-10-12 |y LOCKERS | ||
| 952 | |0 0 |1 0 |2 ddc |4 0 |6 LLAVE_000000000000000_Nº_142 |7 0 |9 1135420 |a UNACH |b UNACH |c Lockers |d 2012-10-12 |i 142 |l 287 |o Llave Nº 142 |p 71384 |r 2025-08-26 17:41:43 |s 2025-06-24 |t 142 |w 2012-10-12 |y LOCKERS | ||
| 952 | |0 0 |1 0 |2 ddc |4 0 |6 LLAVE_000000000000000_Nº_143 |7 0 |9 1135421 |a UNACH |b UNACH |c Lockers |d 2012-10-12 |i 143 |l 309 |m 1 |o Llave Nº 143 |p 71385 |r 2025-08-26 17:41:35 |s 2025-06-24 |t 143 |w 2012-10-12 |y LOCKERS | ||
| 952 | |0 0 |1 0 |2 ddc |4 0 |6 LLAVE_000000000000000_Nº_144 |7 0 |9 1135422 |a UNACH |b UNACH |c Lockers |d 2012-10-12 |i 144 |l 276 |m 1 |o Llave Nº 144 |p 71386 |r 2025-08-26 17:41:28 |s 2025-06-24 |t 144 |w 2012-10-12 |y LOCKERS | ||
| 952 | |0 0 |1 0 |2 ddc |4 0 |6 LLAVE_000000000000000_Nº_145 |7 0 |9 1135423 |a UNACH |b UNACH |c Lockers |d 2012-10-12 |i 145 |l 240 |o Llave Nº 145 |p 71387 |r 2025-08-26 17:41:53 |s 2025-06-24 |t 145 |w 2012-10-12 |y LOCKERS | ||
| 952 | |0 0 |1 0 |2 ddc |4 0 |6 LLAVE_000000000000000_Nº_146 |7 0 |9 1135424 |a UNACH |b UNACH |c Lockers |d 2012-10-12 |i 146 |l 297 |o Llave Nº 146 |p 71388 |r 2025-08-26 17:41:50 |s 2025-06-24 |t 146 |w 2012-10-12 |y LOCKERS | ||
| 952 | |0 0 |1 0 |2 ddc |4 0 |6 LLAVE_000000000000000_Nº_147 |7 0 |9 1135425 |a UNACH |b UNACH |c Lockers |d 2012-10-12 |i 147 |l 281 |o Llave Nº 147 |p 71389 |r 2025-08-26 17:41:57 |s 2025-06-24 |t 147 |w 2012-10-12 |y LOCKERS | ||
| 952 | |0 0 |1 0 |2 ddc |4 0 |6 LLAVE_000000000000000_Nº_148 |7 0 |9 1135426 |a UNACH |b UNACH |c Lockers |d 2012-10-12 |i 148 |l 263 |o Llave Nº 148 |p 71390 |r 2025-08-26 17:42:09 |s 2025-06-24 |t 148 |w 2012-10-12 |y LOCKERS | ||
| 952 | |0 0 |1 0 |2 ddc |4 0 |6 LLAVE_000000000000000_Nº_149 |7 0 |9 1135427 |a UNACH |b UNACH |c Lockers |d 2012-10-12 |i 149 |l 306 |o Llave Nº 149 |p 71391 |r 2025-08-26 17:41:46 |s 2025-06-24 |t 149 |w 2012-10-12 |y LOCKERS | ||
| 952 | |0 0 |1 0 |2 ddc |4 0 |6 LLAVE_000000000000000_Nº_150 |7 0 |9 1135428 |a UNACH |b UNACH |c Lockers |d 2012-10-12 |i 150 |l 284 |o Llave Nº 150 |p 71392 |r 2025-08-26 17:42:06 |s 2025-06-24 |t 150 |w 2012-10-12 |y LOCKERS | ||
| 952 | |0 0 |1 0 |2 ddc |4 0 |6 LLAVE_000000000000000_Nº_151 |7 0 |9 1135429 |a UNACH |b UNACH |c Lockers |d 2012-10-12 |i 151 |l 298 |o Llave Nº 151 |p 71393 |r 2025-08-26 17:41:20 |s 2025-06-24 |t 151 |w 2012-10-12 |y LOCKERS | ||
| 952 | |0 0 |1 0 |2 ddc |4 0 |6 LLAVE_000000000000000_Nº_152 |7 0 |9 1135430 |a UNACH |b UNACH |c Lockers |d 2012-10-12 |i 152 |l 326 |o Llave Nº 152 |p 71394 |r 2025-08-26 17:41:25 |s 2025-06-24 |t 152 |w 2012-10-12 |y LOCKERS | ||
| 952 | |0 0 |1 0 |2 ddc |4 0 |6 LLAVE_000000000000000_Nº_153 |7 0 |9 1135431 |a UNACH |b UNACH |c Lockers |d 2012-10-12 |i 153 |l 235 |m 2 |o Llave Nº 153 |p 71395 |r 2025-08-26 17:41:11 |s 2025-06-24 |t 153 |w 2012-10-12 |y LOCKERS | ||
| 952 | |0 0 |1 0 |2 ddc |4 0 |6 LLAVE_000000000000000_Nº_154 |7 0 |9 1135432 |a UNACH |b UNACH |c Lockers |d 2012-10-12 |i 154 |l 332 |o Llave Nº 154 |p 71396 |r 2025-08-26 17:41:39 |s 2025-06-24 |t 154 |w 2012-10-12 |y LOCKERS | ||
| 952 | |0 0 |1 0 |2 ddc |4 0 |6 LLAVE_000000000000000_Nº_155 |7 0 |9 1135433 |a UNACH |b UNACH |c Lockers |d 2012-10-12 |i 155 |l 315 |o Llave Nº 155 |p 71397 |r 2025-08-26 17:39:17 |s 2025-06-24 |t 155 |w 2012-10-12 |y LOCKERS | ||
| 952 | |0 0 |1 0 |2 ddc |4 0 |6 LLAVE_000000000000000_Nº_156 |7 0 |9 1135434 |a UNACH |b UNACH |c Lockers |d 2012-10-12 |i 156 |l 303 |o Llave Nº 156 |p 71398 |r 2025-08-26 17:41:32 |s 2025-06-24 |t 156 |w 2012-10-12 |y LOCKERS | ||
| 999 | |c 2059508 |d 2059508 | ||